000 00666nam a2200193Ia 4500
003 GCL
008 140319s9999 xx 000 0 ara d
040 _aGCL /
_cGCL
082 0 4 _a005.3
_bس ت
100 1 _aسترن، نانسى
245 1 0 _aتقديم بيسك السريع 4.0 و 4.5 منهج هيكلى /
_cسترن، نانسى
700 1 _aسترن، روبرت
260 _aالرياض :
_bجامعة الملك سعود ،
_c0
300 _a1135 ص ؛
_c24 سم
650 0 4 _aالحاسبات الالكترونية - برامج
650 0 4 _aالحاسبات الالكترونية - لغات
650 0 4 _aلغة البيسك
942 _2ddc
_cBK
999 _c7017
_d7017